|
|
|
|
| LEADER |
00000nam a22000007i 4500 |
| 001 |
R-1616 |
| 003 |
CODICE-MESSINA |
| 005 |
20260223162517.0 |
| 008 |
240115s2017 it |||||| ||||| |||||c |
| 040 |
|
|
|c importazione_messina
|
| 100 |
|
|
|a Cavallaro, Fabrizio
|
| 245 |
|
0 |
|a Lodi del corpo maschile /
|c [a cura di] Fabrizio Cavallaro, Riccardo Di Salvo, Claudio Marchese.
|
| 260 |
|
|
|b Kolan
|
| 700 |
|
|
|a Marchese, Claudio
|
| 700 |
|
|
|a Di Salvo, Riccardo
|
| 942 |
|
|
|2 ddc
|c BK
|
| 952 |
|
|
|0 0
|1 0
|2 ddc
|4 0
|6 SCAFFALE_15_000000000000000__LGBT_S_R
|7 0
|9 32456
|a ME
|b ME
|d 2026-02-11
|l 0
|o SCAFFALE 15 - LGBT S.R.
|p R-1616
|r 2026-02-11 23:53:12
|w 2026-02-11
|x [REVISIONARE]
|y BK
|
| 999 |
|
|
|c 28123
|d 28123
|